Southville International School and Colleges
Your cart is empty.
  • Cart
  • Lists
    Public lists Eva Luna New books Lux_list list_1
    Your lists Log in to create your own lists
  • Log in to your account
  • Your cookies
  • Search history
Southville International School and Colleges
  • Advanced search
  • Recent comments
  • Most popular
  • Libraries

Log in to your account

Log in with GOOGLE


If you do not have an external account, but do have a local account, you can still log in:

  1. Home
  2. MARC view: The Lion king.
Normal view MARC view ISBD view

The Lion king. (Record no. 111489)

[ view plain ]
MARC details
000 -LEADER
fixed length control field 00737nam a2200217 a 4500
001 - CONTROL NUMBER
control field 1698
005 - DATE AND TIME OF LATEST TRANSACTION
control field 20140414131916.0
008 - FIXED-LENGTH DATA ELEMENTS--GENERAL INFORMATION
fixed length control field 001113s19uu xx 00 eng d
020 ## - INTERNATIONAL STANDARD BOOK NUMBER
International Standard Book Number 0-7214-4308-7
050 ## - LIBRARY OF CONGRESS CALL NUMBER
Classification number ER
Item number L66 1994
245 ## - TITLE STATEMENT
Title The Lion king.
260 ## - PUBLICATION, DISTRIBUTION, ETC. (IMPRINT)
Place of publication, distribution, etc Leicesterashire, U.K. :
Name of publisher, distributor, etc Walt Disney,
Date of publication, distribution, etc 1994.
300 ## - PHYSICAL DESCRIPTION
Extent 1 v. (unp.) : ill. ; cm.
440 ## - SERIES STATEMENT/ADDED ENTRY--TITLE
Title Disney.
500 ## - GENERAL NOTE
General note Based on the Walt Disney's enchanting animated film The Lion King.
520 ## - SUMMARY, ETC.
Summary, etc Simba, a young lion cub, loves life on the African plains. But when his father is killed, Simba's uncle, Scar, takes over the Pride and drives Simba far from home...
650 ## - SUBJECT ADDED ENTRY--TOPICAL TERM
Topical term or geographic name as entry element Lions
General subdivision Fiction.
Holdings
Withdrawn status Lost status Damaged status Use restrictions Home library Current library Shelving location Date acquired Source of acquisition Total Checkouts Full call number Barcode Date last seen Price effective from Koha item type
        Munich Library Munich Library Easy Reading Section 12/29/2004     ER L66 1994 M2227 04/14/2014 04/14/2014 Books
        Munich Library Munich Library Easy Reading Section 12/29/2004     ER L66 1994 M2384 04/14/2014 04/14/2014 Books
        Munich Library Munich Library Easy Reading Section 10/20/2010     ER L66 1994 M2382 04/14/2014 04/14/2014 Books

The Lion king.

APA

(1994). The Lion king. Leicesterashire, U.K: Walt Disney.

Chicago

1994. The Lion king. Leicesterashire, U.K: Walt Disney.

Harvard

(1994). The Lion king. Leicesterashire, U.K: Walt Disney.

MLA

The Lion king. Leicesterashire, U.K: Walt Disney. 1994.

  • Place hold
  • Print
  • Cite
  • Add to your cart (remove)
  • Save record
    BIBTEX Dublin Core MARCXML MARC (non-Unicode/MARC-8) MARC (Unicode/UTF-8) MARC (Unicode/UTF-8, Standard) MODS (XML) RIS
  • More searches
    Search for this title in:
    Other Libraries (WorldCat) Other Databases (Google Scholar) Online Stores (Bookfinder.com) Open Library (openlibrary.org)

Exporting to Dublin Core...

SOUTHVILLE LIBRARY

Southville International School and Colleges Library

1281 Tropical Ave. Cor. Luxembourg St., BF Homes International, Las Pinas City

Tel. No. 8256374 / 252358 Loc. 117/146

Powered by Koha